Statistics for Richest people in the world every year since 2010

Click here to take the quiz!

General Stats

  • This quiz has been taken 27 times
  • The average score is 31 of 90

Answer Stats

Net worth($)Answer% Correct
79 billionBill Gates
96%
61 billlionBill Gates
96%
76 billionBill Gates
96%
90 billionBill gates
96%
75 billionBill Gates
96%
67 billionBill Gates
96%
53 billionBill Gates
96%
56 billion Bill Gates
96%
86 billionBill Gates
96%
45 billionJeff Bezos
81%
73 billionJeff Bezos
81%
112 billionJeff Bezos
81%
69 billionCarlos Slim
58%
77 billionCarlos Slim
58%
50 billionCarlos Slim
58%
73 billionCarlos Slim
58%
74 billionCarlos Slim
58%
72 billionCarlos SLim
58%
54 billionCarlos Slim
58%
67 billionCarlos Slim
58%
55 billionCarlos Slim
58%
84 billionWarren Buffett
58%
60 billionWarren Buffett
58%
47 billionWarren Buffett
58%
54 billionWarren Buffett
58%
73 billionWarren Buffett
58%
50 billionWarren Buffett
58%
76 billionWarren Buffett
58%
44 billionWarren Buffett
58%
61 billionWarren Buffett
58%
45 billionMark Zuckerberg
50%
56 billionMark Zuckerberg
50%
71 billionMark Zuckerberg
50%
31 billionAmancio Ortega
35%
38 billionAmancio Ortega
35%
65 billionAmancio Ortega
35%
71 billionAmancio Ortega
35%
57 billionAmancio Ortega
35%
25 billionAmancio Ortega
35%
64 billionAmancio Ortega
35%
67 billionAmancio Ortega
35%
34 billionCharles Koch
23%
40 billionCharles Koch
23%
48 billionCharles Koch
23%
60 billionCharles Koch
23%
43 billionCharles Koch
23%
39 billionCharles Koch
23%
47 billionMichael Bloomberg
23%
29 billionBernard Arnault
19%
27 billionBernard Arnault
19%
41 billionBernard Arnault
19%
41 billionBernard Arnault
19%
52 billionLarry Ellison
19%
48 billionLarry Ellison
19%
36 billionLarry Ellison
19%
44 billionLarry Ellison
19%
28 billionLarry Ellison
19%
39 billionLarry Ellison
19%
43 billionLarry Ellison
19%
54 billionLarry Ellison
19%
35 billionJim Walton
12%
41 billionJim Walton
12%
40 billionDavid Koch
8%
34 billionDavid Koch
8%
39 billionDavid Koch
8%
43 billionDavid Koch
8%
60 billionDavid Koch
8%
48 billionDavid Koch
8%
72 billionBernard Arnualt
4%
42 billionChristy Walton
4%
37 billionChristy Walton
4%
26 billionChristy Walton
4%
27 billionEike Batista
4%
30 billionEike Batista
4%
30 billionEike Batista
4%
24 billionKarl Albrecht
4%
25 billionKarl Albrecht
4%
58.5 billionLarry Elison
4%
25 billionLi Ka-Shing
4%
31 billionLi Ka-shing
4%
30 billionLiliane Bettencourt
4%
40 billionLiliane Bettencourt
4%
27 billionMukesh Ambani
4%
29 billionMukesh Ambani
4%
38 billionSheldon Adelson
4%
26 billionStefan Persson
4%
70 billionAmacio Ortega
0%
31 billionLakshmi Mittal
0%
29 billionLakshmi Mittal
0%
40 billionMichael Bloomburg
0%

Score Distribution

Percentile by Number Answered

Percent of People with Each Score

Your Score History

You have not taken this quiz